South Eastern Kenya University

Library Online Public Access Catalogue


City of God / (Record no. 10091)

MARC details
000 -LEADER
fixed length control field 01136cam a2200337 a 4500
001 - CONTROL NUMBER
control field 4380373
003 - CONTROL NUMBER IDENTIFIER
control field SEKU
005 - DATE AND TIME OF LATEST TRANSACTION
control field 20160127163222.0
008 - FIXED-LENGTH DATA ELEMENTS--GENERAL INFORMATION
fixed length control field 911016s1992 nyu 000 1 eng
010 ## - LIBRARY OF CONGRESS CONTROL NUMBER
LC control number 91040963
020 ## - INTERNATIONAL STANDARD BOOK NUMBER
International Standard Book Number 0312069278 :
Terms of availability $21.95
040 ## - CATALOGING SOURCE
Original cataloging agency DLC
Transcribing agency DLC
Modifying agency OCoLC
-- DLC
043 ## - GEOGRAPHIC AREA CODE
Geographic area code n-us-ny
050 00 - LIBRARY OF CONGRESS CALL NUMBER
Classification number PS3560.A35C
Item number c 1992
082 00 - DEWEY DECIMAL CLASSIFICATION NUMBER
Classification number 813/.54
Edition number 20
100 1# - MAIN ENTRY--PERSONAL NAME
Personal name Jahn, Mike,
Dates associated with a name 1943-
245 10 - TITLE STATEMENT
Title City of God /
Statement of responsibility, etc. Michael Jahn.
250 ## - EDITION STATEMENT
Edition statement 1st ed.
260 ## - PUBLICATION, DISTRIBUTION, ETC. (IMPRINT)
Place of publication, distribution, etc. New York :
Name of publisher, distributor, etc. St. Martin's Press,
Date of publication, distribution, etc. 1992.
300 ## - PHYSICAL DESCRIPTION
Extent viii, 280 p. ;
Dimensions 22 cm.
500 ## - GENERAL NOTE
General note "A Thomas Dunne book."
610 20 - SUBJECT ADDED ENTRY--CORPORATE NAME
Corporate name or jurisdiction name as entry element Cathedral of St. John the Divine (New York, N.Y.)
General subdivision Fiction.
650 #0 - SUBJECT ADDED ENTRY--TOPICAL TERM
Topical term or geographic name as entry element Donovan, Bill (Fictitious character)
General subdivision Fiction.
650 #0 - SUBJECT ADDED ENTRY--TOPICAL TERM
Topical term or geographic name as entry element Cathedrals
General subdivision Fiction.
650 #0 - SUBJECT ADDED ENTRY--TOPICAL TERM
Topical term or geographic name as entry element Police
Geographic subdivision New York (State)
-- New York
General subdivision Fiction.
651 #0 - SUBJECT ADDED ENTRY--GEOGRAPHIC NAME
Geographic name New York (N.Y.)
General subdivision Fiction.
655 #7 - INDEX TERM--GENRE/FORM
Genre/form data or focus term Detective and mystery stories.
Source of term gsafd
906 ## - LOCAL DATA ELEMENT F, LDF (RLIN)
a 7
b cbc
c orignew
d 1
e ocip
f 19
g y-gencatlg
942 ## - ADDED ENTRY ELEMENTS (KOHA)
Source of classification or shelving scheme Library of Congress Classification
Koha item type General circulation
Holdings
Withdrawn status Lost status Source of classification or shelving scheme Damaged status Not for loan Home library Current library Shelving location Date acquired Source of acquisition Total Checkouts Full call number Barcode Date last seen Price effective from Koha item type Public note
    Library of Congress Classification     Wote Campus Library Wote Campus Library General Stacks 27/01/2016 donation- books for Africa   PS3560.A35C5 1992 2015/007862 27/01/2016 27/01/2016 General circulation GM
Kitui, Kenya.
+254736116989
library@seku.ac.ke